000 00436nam a2200181Ia 4500
001 11131
005 20260306161923.0
008 260306t1989||||xx |||||||||||||| ||spa||
041 _aESP
082 _a985.009
_bL87
100 _aLópez Martínez, Héctor
_eAUT
245 0 _aGuerra con Chile:
_bepisodios y personajes 1879-1885
260 _c1989
300 _a
_c
650 _aGEN
654 _aCHU
942 _cLIB
_dJUS
_fJUS
_2ddc
_n
999 _c11131
_d11131